Mesh Generation, Real-Time Visualization, Physics Simulation, and Collision Detection for Rigid Bodies

Enregistré dans:
Détails bibliographiques
Auteur principal: Tóth, Gergely (Auteur)
Autres auteurs: Konôpka, Martin (Directeur de thèse)
Format: Manuscrit Livre
Langue:slovaque
anglais
Publié: Bratislava : STU v Bratislave FEI, 2025
Sujets:
Accès en ligne:https://opac.crzp.sk/?fn=detailBiblioFormChildOBCLVP&sid=8D80AD18777FCC7F64BCBD4DC29E&seo=CRZP-detail-kniha
Tags: Ajouter un tag
Pas de tags, Soyez le premier à ajouter un tag!

MARC

LEADER 00000ntm a22000003a 4500
001 stuzp98880
003 SK-STU
005 20260127154025.9
007 ta
008 150427s2015----xo-----f-mn---000-0-slo-d
040 |a STU  |b slo 
041 0 |a eng 
044 |a xo 
100 1 |a Tóth, Gergely  |u 036000  |4 aut  |U FEI Fakulta elektrotechniky a informatiky  |T FEI Ústav jadrového a fyzikálneho inžinierstva  |X 115621  |U E060  |Y 817  |7 115621 
242 0 1 |a Generovanie siete, vizualizácia v reálnom čase, fyzikálna simulácia a detekcia zrážky tuhých telies  |y slo 
245 1 0 |a Mesh Generation, Real-Time Visualization, Physics Simulation, and Collision Detection for Rigid Bodies 
260 |a Bratislava :  |b STU v Bratislave FEI,  |c 2025 
300 |a 89 s., príl. 
650 4 |a Numerická integrácia  |2 slo 
650 4 |a Simulácia tuhých telies  |2 slo 
650 4 |a C++  |2 slo 
650 4 |a Runge Kutta  |2 slo 
650 4 |a Marching Cubes  |2 slo 
650 4 |a Tenzor zotrvačnosti  |2 slo 
650 4 |a Multithreading  |2 slo 
650 4 |a OpenGL  |2 slo 
650 4 |a Detekcia kolízií  |2 slo 
650 4 |a Rigid Body Simulation  |2 eng 
650 4 |a C++  |2 eng 
650 4 |a Numerical Integration  |2 eng 
650 4 |a Runge Kutta  |2 eng 
650 4 |a Marching Cubes  |2 eng 
650 4 |a Inertia Tensor  |2 eng 
650 4 |a Multithreading  |2 eng 
650 4 |a OpenGL  |2 eng 
650 4 |a Collision Detection  |2 eng 
700 1 |a Konôpka, Martin  |u 036000  |k Z1  |4 ths  |U FEI Fakulta elektrotechniky a informatiky  |T FEI Ústav jadrového a fyzikálneho inžinierstva  |X 1912  |U E060  |Y 817  |7 A000001912 
856 4 |u https://opac.crzp.sk/?fn=detailBiblioFormChildOBCLVP&sid=8D80AD18777FCC7F64BCBD4DC29E&seo=CRZP-detail-kniha